000 00461pab a2200169 454500
008 180718b1996 xxu||||| |||| 00| 0 eng d
100 _aGood, Byron J.
245 _aMental health consequences of displacement and resettlement
260 _c1996
300 _ap.1504-508
362 _a15 Jun
650 _aMental health - India
650 _aRehabilitation - India
650 _aRehabilitation
773 _aEconomic and Political Weekly
909 _a31304
999 _c31304
_d31304